Meditaciones del Quijote. ¿Qué es la filosofía?. La rebelión de las masas /

Guardado en:
Autor Principal: Ortega y Gasset, José.
Otros Autores: Gomá Lanzón, Javier; pról., Medina, José Lasaga; pról.
Formato: Libro
Idioma:Undetermined
Publicado: Madrid : Gredos, 2014.
Series:Grandes pensadores
Materias:
Etiquetas: Agregar Etiqueta
Sin Etiquetas, Sea el primero en etiquetar este registro!
LEADER 02105nam a22002295a 4500
001 CEM.cems020679
008 231123s2014####sp############000#0#und#d
005 20231123144001.0
245 1 0 |a Meditaciones del Quijote. ¿Qué es la filosofía?. La rebelión de las masas /  |c José Ortega y Gasset ; prólogo por Javier Gomá Lanzón; estudio introductorio por José Lasaga Medina. 
260 |a Madrid :  |b Gredos,  |c 2014. 
300 |a 452 p. 
490 1 |a Grandes pensadores 
505 0 |a Estudio introductorio (Los ingredientes de una vida -- Trayectoria pública -- Formación -- La moral después de la derrota de 1898: Europa como solución a los males de España -- Ortega ante las generaciones precedentes -- La inspiración de "Meditaciones": España como cuestión sentimental, moral y política -- Los principios de "limitación" y "circunstancialidad" como núcleo filosófico de "Meditaciones" -- Textura del alma española a comienzos de siglo. Alcance práctico de "Meditaciones" -- Un proyecto político: la Liga de Educación Política Española. Y un programa: "Vieja y nueva política" -- Las líneas maestras de la "Nueva política": liberalismo y nacionalización -- De "El espectador" de la vida a "¿Qué es filosofía?" (1916-1930) Primera navegación -- La Nueva ciencia de "El espectador" -- El vitalismo de los años 20 -- El proyecto de la "razón vital": una ciencia del "conocimientos del hombre" -- "¿Qué es la filosofía? Un nuevo principio metafísico: la "vida humana como realidad radical" -- La estructura de la vida humana -- La crisis de nuestro tiempo y su diagnóstico: "La rebelión de las masas" -- La segunda navegación filosófica -- Últimos años) -- Meditaciones del Quijote -- ¿Qué es la filosofía? -- La rebelión de las masas 
020 |a 9788447377855 
100 1 |a Ortega y Gasset, José. 
700 1 |a Gomá Lanzón, Javier; pról. 
700 1 |a Medina, José Lasaga; pról. 
653 |a Filosofía 
653 |a Filosofía española 
653 |a Novecentismo 
653 |a Ensayo español 
859 |a CEMS  |b BIB. CEMS - 11 de abril  |h 196.1  |i Or1  |p 29740.23  |t Ej. 1